Ask and ye shall receive (Record no. 117549)
[ view plain ]
| 000 -LEADER | |
|---|---|
| fixed length control field | 01641cam a2200265 4500 |
| 001 - CONTROL NUMBER | |
| control field | ABS67975 |
| 008 - FIXED-LENGTH DATA ELEMENTS--GENERAL INFORMATION | |
| fixed length control field | 040621n2004 000 0 eng u |
| 035 ## - SYSTEM CONTROL NUMBER | |
| System control number | (Sirsi) u126527 |
| 100 ## - MAIN ENTRY--PERSONAL NAME | |
| Personal name | Barnard, L. |
| 245 ## - TITLE STATEMENT | |
| Title | Ask and ye shall receive |
| 260 ## - PUBLICATION, DISTRIBUTION, ETC. | |
| Date of publication, distribution, etc. | 2004 |
| 490 ## - SERIES STATEMENT | |
| Series statement | Estates Gazette |
| Volume/sequential designation | (0421) 22 May 2004, 140-141(2) |
| 520 ## - SUMMARY, ETC. | |
| Summary, etc. | Reports on new ODPM commissioned research from the College of Estate Management that has found tenants appealing the official valuations of their council homes are routinely having more than 10% knocked off the asking price, especially in London. "Valuing for right to buy : a review of the valuation process in sales of local authority housing to sitting tenants" (J126372) also reveals that 36% of landlord valuations were reduced on appeal by more than 10% and only 2% increased, that the number of appeals in England has risen by 50% over the four years since 1997 and the 25% of councils with the highest appeal rates accounted for 54% of all appeals and 31% of all right-to-buy admissions. It also recommends a valuation code of practice by and for local authorities and Valuation Office Agency officers. Suggests that pressure is mounting to make it harder to sell off council stock at a discount. Includes a chart covering the effects of appeals on valuations. |
| 590 ## - LOCAL NOTE (RLIN) | |
| Local note | ABS |
| 590 ## - LOCAL NOTE (RLIN) | |
| Local note | ABS |
| 650 ## - SUBJECT ADDED ENTRY--TOPICAL TERM | |
| Topical term or geographic name entry element | VALUATIONS |
| 650 ## - SUBJECT ADDED ENTRY--TOPICAL TERM | |
| Topical term or geographic name entry element | APPEALS |
| 650 ## - SUBJECT ADDED ENTRY--TOPICAL TERM | |
| Topical term or geographic name entry element | SITTING TENANTS |
| 650 ## - SUBJECT ADDED ENTRY--TOPICAL TERM | |
| Topical term or geographic name entry element | COUNCIL HOUSING |
| 650 ## - SUBJECT ADDED ENTRY--TOPICAL TERM | |
| Topical term or geographic name entry element | SOCIAL HOUSING |
| 650 ## - SUBJECT ADDED ENTRY--TOPICAL TERM | |
| Topical term or geographic name entry element | RIGHT TO BUY VALUATIONS |
| 650 ## - SUBJECT ADDED ENTRY--TOPICAL TERM | |
| Topical term or geographic name entry element | COUNCIL TENANTS |
| 690 ## - LOCAL SUBJECT ADDED ENTRY--TOPICAL TERM (OCLC, RLIN) | |
| Topical term or geographic name as entry element | VALUATION AND INVESTMENT APPRAISAL-RESIDENTIAL |
| 942 ## - ADDED ENTRY ELEMENTS (KOHA) | |
| Suppress in OPAC | 0 |
| Withdrawn status | Lost status | Source of classification or shelving scheme | Damaged status | Not for loan | Home library | Current library | Shelving location | Date acquired | Total Checkouts | Full call number | Barcode | Date last seen | Copy number | Price effective from | Koha item type |
|---|---|---|---|---|---|---|---|---|---|---|---|---|---|---|---|
| Dewey Decimal Classification | London | London | Journal article | 21/06/2004 | ABS67975 | 126527-1001 | 06/08/2019 | 1 | 06/08/2019 | Journal article |